000 00810nam a2200193Ia 4500
008 151121s9999||||xx |||||||||||||| ||und||
082 _a301।2/राधाकृ
082 _bHNW-43473
100 _aसर्वपल्लि राधाकृष्णन्
245 _aभारतीय संस्कृति कुछ विचार
260 _b"सरस्वती विहार , दिल्ली"
260 _c--
300 _a106
600 _aसर्वपल्लि राधाकृष्णन्
630 _aभारतीय संस्कृति कुछ विचार
700 _aसर्वपल्लि राधाकृष्णन्
730 _aभारतीय संस्कृति कुछ विचार
942 _cBOOK
999 _c1231554
_d1231551